000 00581nam a22001817a 4500
999 _c176924
_d176924
005 20210202171510.0
010 _aENG-128923
020 _c599.00
_a978-93-86720-21-4
035 _aEN-112455
037 _bDBAD/PUB
082 _a910
245 _aIAS Mains Geography/
_bEdited by Atul Kumar
260 _aGhaziabad
_bRathore Publishers & Distributors
_c2019
270 _bGhaziabad
_e201010
_aBasement, 260, Shaktikand-III, Indirapuram
_mrathorepublishrs@gmail.com
300 _a191p.
_c25cm(hbk)
700 _aKumar, Atul, Ed.
942 _2ddc
_cEN
_h910
_mIAS